Cartoons for Adults Quiz Stats

 Plays Quiz Updated Sep 28, 2016

Challenge
Share
Tweet
Score 0/25 Timer 07:00
0 Plays Today
% Correct
The Simpsons
99.8%
Family Guy
97.2%
Futurama
90.1%
King of the Hill
90%
South Park
90%
American Dad!
88.8%
Beavis and Butt-Head
87.4%
Bob's Burgers
86.7%
The Cleveland Show
83.1%
Archer
78.8%
Robot Chicken
71.8%
Daria
60.8%
Napoleon Dynamite
57.6%
% Correct
BoJack Horseman
54.6%
The Boondocks
53.6%
Rick and Morty
53.3%
Aqua Teen Hunger Force
47.8%
Space Ghost Coast to Coast
30.3%
Squidbillies
29.4%
The Venture Bros.
22.3%
F is For Family
20.2%
Duckman
15.9%
China, IL
10.1%
Bordertown
9.8%
The Goode Family
3.7%

You're not logged in!

Compare scores with friends on all Sporcle quizzes.
OR
Log In

You Might Also Like...

Show Comments

Extras

Top Quizzes Today


Score Distribution

Your Account Isn't Verified!

In order to create a playlist on Sporcle, you need to verify the email address you used during registration. Go to your Sporcle Settings to finish the process.

Report this User

Report this user for behavior that violates our Community Guidelines.

Details: